[Event "DEM U12 2025"]
[Site "Willingen GER"]
[Date "2025.06.12"]
[Round "7"]
[White "Boroshnev, Dmytro"]
[Black "Gao, Chenzhuo"]
[Result "0-1"]
[Termination "normal"]
[Board "22"]
[WhiteElo "1707"]
[BlackElo "1707"]
[WhiteClock "00:54:22"]
[BlackClock "00:32:39"]
[PlyCount "52"]
[WhiteFideId "34163611"]
[BlackFideId "34668608"]
[EventCountry "GER"]
[EventRounds "9"]
[EventType "swiss"]
[EventDate "2025.06.07"]

1. e4 {[%clk 01:30:56]} {[%emt 00:00:04]} c6 {[%clk 01:30:47]} {[%emt
00:00:13]} 2. d4 {[%clk 01:31:13]} {[%emt 00:00:12]} d5 {[%clk 01:31:05]}
{[%emt 00:00:13]} 3. e5 {[%clk 01:31:37]} {[%emt 00:00:07]} Bf5 {[%clk
01:31:25]} {[%emt 00:00:09]} 4. h4 {[%clk 01:32:01]} {[%emt 00:00:05]} h5
{[%clk 01:31:42]} {[%emt 00:00:15]} 5. Bd3 {[%clk 01:32:26]} {[%emt 00:00:04]}
Bxd3 {[%clk 01:31:52]} {[%emt 00:00:21]} 6. Qxd3 {[%clk 01:32:51]} {[%emt
00:00:05]} e6 {[%clk 01:31:50]} {[%emt 00:00:32]} 7. Bg5 {[%clk 01:33:09]}
{[%emt 00:00:10]} Qc7 {[%clk 01:30:53]} {[%emt 00:01:28]} 8. Nd2 {[%clk
01:33:23]} {[%emt 00:00:15]} Be7 {[%clk 01:30:14]} {[%emt 00:01:10]} 9. Ngf3
{[%clk 01:32:59]} {[%emt 00:00:54]} Nh6 {[%clk 01:29:59]} {[%emt 00:00:45]} 10.
c4 {[%clk 01:33:00]} {[%emt 00:00:29]} Nf5 {[%clk 01:29:59]} {[%emt 00:00:30]}
11. O-O {[%clk 01:33:09]} {[%emt 00:00:21]} O-O {[%clk 01:29:20]} {[%emt
00:01:10]} 12. Rfc1 {[%clk 01:33:24]} {[%emt 00:00:15]} dxc4 {[%clk 01:28:58]}
{[%emt 00:00:51]} 13. Nxc4 {[%clk 01:33:22]} {[%emt 00:00:32]} Rd8 {[%clk
01:28:42]} {[%emt 00:00:46]} 14. Ne3 {[%clk 01:32:20]} {[%emt 00:01:31]} Nxe3
{[%clk 01:24:55]} {[%emt 00:04:17]} 15. fxe3 {[%clk 01:32:19]} {[%emt
00:00:32]} Rf8 {[%clk 01:10:14]} {[%emt 00:15:11]} 16. Rc2 {[%clk 01:28:53]}
{[%emt 00:03:55]} Bb4 {[%clk 01:06:36]} {[%emt 00:04:09]} 17. a3 {[%clk
01:26:21]} {[%emt 00:03:02]} Ba5 {[%clk 01:06:57]} {[%emt 00:00:10]} 18. b4
{[%clk 01:23:36]} {[%emt 00:03:14]} Bb6 {[%clk 01:07:22]} {[%emt 00:00:06]} 19.
Nd2 {[%clk 01:17:00]} {[%emt 00:07:05]} Nd7 {[%clk 00:54:15]} {[%emt 00:13:37]}
20. Qe2 {[%clk 01:16:35]} {[%emt 00:00:53]} f6 {[%clk 00:49:32]} {[%emt
00:05:16]} 21. exf6 {[%clk 01:12:57]} {[%emt 00:04:07]} Nxf6 {[%clk 00:49:00]}
{[%emt 00:01:02]} 22. Bxf6 {[%clk 01:12:24]} {[%emt 00:01:03]} Rxf6 {[%clk
00:49:16]} {[%emt 00:00:14]} 23. Qxh5 {[%clk 01:12:02]} {[%emt 00:00:52]} e5
{[%clk 00:41:18]} {[%emt 00:08:28]} 24. Nf3 {[%clk 00:58:34]} {[%emt 00:13:58]}
exd4 {[%clk 00:36:32]} {[%emt 00:05:16]} 25. exd4 {[%clk 00:56:10]} {[%emt
00:02:54]} Rxf3 {[%clk 00:33:59]} {[%emt 00:03:03]} 26. Qxf3 {[%clk 00:54:22]}
{[%emt 00:02:19]} Bxd4+ {[%clk 00:32:39]} {[%emt 00:01:50]} 0-1

[Event "DEM U12 2025"]
[Site "Willingen GER"]
[Date "2025.06.12"]
[Round "7"]
[White "Ziem, Ole"]
[Black "Rusch, Levi Adrian"]
[Result "1-0"]
[Termination "normal"]
[Board "23"]
[WhiteElo "1670"]
[BlackElo "1660"]
[WhiteClock "00:11:48"]
[BlackClock "00:00:52"]
[PlyCount "81"]
[WhiteFideId "34624791"]
[BlackFideId "34660224"]
[EventCountry "GER"]
[EventRounds "9"]
[EventType "swiss"]
[EventDate "2025.06.07"]

1. e4 {[%clk 01:30:57]} {[%emt 00:00:03]} e6 {[%clk 01:30:57]} {[%emt
00:00:03]} 2. d4 {[%clk 01:31:12]} {[%emt 00:00:15]} d5 {[%clk 01:31:21]}
{[%emt 00:00:07]} 3. Nd2 {[%clk 01:31:29]} {[%emt 00:00:12]} c5 {[%clk
01:31:47]} {[%emt 00:00:05]} 4. exd5 {[%clk 01:31:41]} {[%emt 00:00:18]} exd5
{[%clk 01:32:10]} {[%emt 00:00:07]} 5. Ngf3 {[%clk 01:31:40]} {[%emt 00:00:30]}
Nf6 {[%clk 01:32:29]} {[%emt 00:00:11]} 6. c3 {[%clk 01:27:53]} {[%emt
00:04:17]} Nc6 {[%clk 01:31:14]} {[%emt 00:01:45]} 7. Bb5 {[%clk 01:28:12]}
{[%emt 00:00:12]} cxd4 {[%clk 01:30:39]} {[%emt 00:01:05]} 8. cxd4 {[%clk
01:28:18]} {[%emt 00:00:24]} Bd6 {[%clk 01:30:27]} {[%emt 00:00:42]} 9. O-O
{[%clk 01:28:17]} {[%emt 00:00:30]} O-O {[%clk 01:30:54]} {[%emt 00:00:03]} 10.
h3 {[%clk 01:27:04]} {[%emt 00:01:44]} Re8 {[%clk 01:30:39]} {[%emt 00:00:45]}
11. Nb3 {[%clk 01:26:31]} {[%emt 00:01:03]} a6 {[%clk 01:30:43]} {[%emt
00:00:26]} 12. Bd3 {[%clk 01:26:31]} {[%emt 00:00:30]} h6 {[%clk 01:30:47]}
{[%emt 00:00:26]} 13. Be3 {[%clk 01:26:34]} {[%emt 00:00:27]} Nh5 {[%clk
01:24:33]} {[%emt 00:06:44]} 14. a3 {[%clk 01:13:02]} {[%emt 00:14:02]} Qf6
{[%clk 01:17:50]} {[%emt 00:07:14]} 15. Rc1 {[%clk 01:03:13]} {[%emt 00:10:18]}
Ng3 {[%clk 01:10:46]} {[%emt 00:07:34]} 16. Re1 {[%clk 00:57:45]} {[%emt
00:05:57]} Ne4 {[%clk 01:04:50]} {[%emt 00:06:26]} 17. Bxe4 {[%clk 00:55:47]}
{[%emt 00:02:29]} dxe4 {[%clk 01:04:00]} {[%emt 00:01:19]} 18. Nfd2 {[%clk
00:55:57]} {[%emt 00:00:19]} Qg6 {[%clk 01:03:12]} {[%emt 00:01:20]} 19. Kh1
{[%clk 00:55:13]} {[%emt 00:01:12]} Ne7 {[%clk 01:00:41]} {[%emt 00:03:02]} 20.
Nc5 {[%clk 00:39:41]} {[%emt 00:16:03]} Nf5 {[%clk 00:50:26]} {[%emt 00:10:43]}
21. Qc2 {[%clk 00:32:35]} {[%emt 00:07:37]} b6 {[%clk 00:37:34]} {[%emt
00:13:21]} 22. Na4 {[%clk 00:31:26]} {[%emt 00:01:39]} Nh4 {[%clk 00:24:08]}
{[%emt 00:13:57]} 23. Rg1 {[%clk 00:31:05]} {[%emt 00:00:50]} h5 {[%clk
00:20:11]} {[%emt 00:04:27]} 24. Nxb6 {[%clk 00:26:14]} {[%emt 00:05:21]} Bxh3
{[%clk 00:17:25]} {[%emt 00:03:15]} 25. g3 {[%clk 00:18:43]} {[%emt 00:08:02]}
Qg4 {[%clk 00:07:56]} {[%emt 00:10:00]} 26. Nxa8 {[%clk 00:15:11]} {[%emt
00:04:02]} Bf1 {[%clk 00:07:57]} {[%emt 00:00:29]} 27. Nxf1 {[%clk 00:14:14]}
{[%emt 00:01:26]} Qh3+ {[%clk 00:06:26]} {[%emt 00:02:01]} 28. Nh2 {[%clk
00:14:38]} {[%emt 00:00:06]} Re6 {[%clk 00:02:31]} {[%emt 00:04:24]} 29. Qe2
{[%clk 00:12:42]} {[%emt 00:02:27]} Nf3 {[%clk 00:02:34]} {[%emt 00:00:29]} 30.
Rg2 {[%clk 00:12:11]} {[%emt 00:00:59]} h4 {[%clk 00:02:38]} {[%emt 00:00:27]}
31. Bf4 {[%clk 00:11:54]} {[%emt 00:00:46]} g5 {[%clk 00:00:43]} {[%emt
00:02:25]} 32. Bxd6 {[%clk 00:12:06]} {[%emt 00:00:17]} Rxd6 {[%clk 00:00:39]}
{[%emt 00:00:35]} 33. Qxe4 {[%clk 00:11:18]} {[%emt 00:01:19]} Rf6 {[%clk
00:00:44]} {[%emt 00:00:25]} 34. Qg4 {[%clk 00:10:20]} {[%emt 00:01:27]} Qxg4
{[%clk 00:00:32]} {[%emt 00:00:44]} 35. Nxg4 {[%clk 00:10:42]} {[%emt
00:00:06]} Rd6 {[%clk 00:00:39]} {[%emt 00:00:23]} 36. d5 {[%clk 00:10:52]}
{[%emt 00:00:20]} f5 {[%clk 00:00:33]} {[%emt 00:00:36]} 37. Ne3 {[%clk
00:11:12]} {[%emt 00:00:11]} h3 {[%clk 00:00:39]} {[%emt 00:00:25]} 38. Rh2
{[%clk 00:11:12]} {[%emt 00:00:28]} Rf6 {[%clk 00:00:31]} {[%emt 00:00:38]} 39.
Rxh3 {[%clk 00:11:12]} {[%emt 00:00:30]} g4 {[%clk 00:01:00]} {[%emt 00:00:01]}
40. Rh5 {[%clk 00:11:28]} {[%emt 00:00:14]} Kf7 {[%clk 00:00:52]} {[%emt
00:00:38]} 41. Rxf5 {[%clk 00:11:48]} {[%emt 00:00:10]} 1-0

[Event "DEM U12 2025"]
[Site "Willingen GER"]
[Date "2025.06.12"]
[Round "7"]
[White "Döscher, Rasmus"]
[Black "Wagener, Nicolas"]
[Result "0-1"]
[Termination "normal"]
[Board "24"]
[WhiteElo "1569"]
[BlackElo "1765"]
[WhiteClock "00:17:17"]
[BlackClock "00:16:06"]
[PlyCount "54"]
[WhiteFideId "34625038"]
[BlackFideId "34607935"]
[EventCountry "GER"]
[EventRounds "9"]
[EventType "swiss"]
[EventDate "2025.06.07"]

1. d4 {[%clk 01:30:59]} {[%emt 00:00:01]} d5 {[%clk 01:30:57]} {[%emt
00:00:04]} 2. c4 {[%clk 01:31:18]} {[%emt 00:00:11]} e5 {[%clk 01:31:23]}
{[%emt 00:00:05]} 3. e3 {[%clk 01:28:03]} {[%emt 00:03:44]} exd4 {[%clk
01:30:40]} {[%emt 00:01:13]} 4. exd4 {[%clk 01:27:44]} {[%emt 00:00:48]} Nf6
{[%clk 01:30:28]} {[%emt 00:00:42]} 5. Nc3 {[%clk 01:25:10]} {[%emt 00:03:04]}
Be7 {[%clk 01:30:09]} {[%emt 00:00:49]} 6. Nf3 {[%clk 01:24:11]} {[%emt
00:01:30]} O-O {[%clk 01:29:28]} {[%emt 00:01:10]} 7. Bd3 {[%clk 01:21:50]}
{[%emt 00:02:53]} dxc4 {[%clk 01:29:38]} {[%emt 00:00:19]} 8. Bxc4 {[%clk
01:22:11]} {[%emt 00:00:09]} Bg4 {[%clk 01:27:56]} {[%emt 00:02:09]} 9. Be3
{[%clk 01:18:39]} {[%emt 00:04:05]} Nc6 {[%clk 01:26:09]} {[%emt 00:02:15]} 10.
Qd2 {[%clk 01:13:59]} {[%emt 00:05:11]} Bxf3 {[%clk 01:16:05]} {[%emt
00:10:34]} 11. gxf3 {[%clk 01:14:19]} {[%emt 00:00:10]} Re8 {[%clk 01:16:17]}
{[%emt 00:00:18]} 12. Rg1 {[%clk 01:09:21]} {[%emt 00:05:28]} a5 {[%clk
01:15:48]} {[%emt 00:00:59]} 13. O-O-O {[%clk 01:08:33]} {[%emt 00:01:19]} Bb4
{[%clk 00:47:01]} {[%emt 00:29:17]} 14. Bh6 {[%clk 01:07:20]} {[%emt 00:01:43]}
g6 {[%clk 00:47:21]} {[%emt 00:00:09]} 15. Qd3 {[%clk 01:06:51]} {[%emt
00:00:58]} Ne7 {[%clk 00:26:46]} {[%emt 00:21:04]} 16. Rg2 {[%clk 01:02:52]}
{[%emt 00:04:31]} Bxc3 {[%clk 00:26:31]} {[%emt 00:00:45]} 17. bxc3 {[%clk
00:56:34]} {[%emt 00:06:49]} Nfd5 {[%clk 00:23:10]} {[%emt 00:03:51]} 18. Rdg1
{[%clk 00:48:22]} {[%emt 00:08:42]} Qd6 {[%clk 00:21:38]} {[%emt 00:02:00]} 19.
Rg5 {[%clk 00:34:19]} {[%emt 00:14:34]} b5 {[%clk 00:19:09]} {[%emt 00:02:54]}
20. Bxd5 {[%clk 00:33:01]} {[%emt 00:01:53]} Nxd5 {[%clk 00:19:27]} {[%emt
00:00:12]} 21. Kd1 {[%clk 00:28:51]} {[%emt 00:04:40]} b4 {[%clk 00:18:11]}
{[%emt 00:01:43]} 22. Qf5 {[%clk 00:21:59]} {[%emt 00:07:22]} Nxc3+ {[%clk
00:16:40]} {[%emt 00:02:03]} 23. Kc1 {[%clk 00:19:25]} {[%emt 00:03:04]} Ne2+
{[%clk 00:16:49]} {[%emt 00:00:20]} 24. Kb1 {[%clk 00:19:40]} {[%emt 00:00:17]}
Nxg1 {[%clk 00:16:51]} {[%emt 00:00:28]} 25. Rxg1 {[%clk 00:19:30]} {[%emt
00:00:40]} Qxd4 {[%clk 00:16:37]} {[%emt 00:00:44]} 26. h3 {[%clk 00:17:35]}
{[%emt 00:02:25]} Re2 {[%clk 00:16:32]} {[%emt 00:00:35]} 27. f4 {[%clk
00:17:17]} {[%emt 00:00:48]} Qb2# {[%clk 00:16:06]} {[%emt 00:00:23]} 0-1

[Event "DEM U12 2025"]
[Site "Willingen GER"]
[Date "2025.06.12"]
[Round "7"]
[White "Brückner, Julian"]
[Black "Classen, Marnin"]
[Result "1-0"]
[Termination "normal"]
[Board "25"]
[WhiteElo "1802"]
[BlackElo "1663"]
[WhiteClock "00:14:50"]
[BlackClock "00:23:37"]
[PlyCount "137"]
[WhiteFideId "34630031"]
[BlackFideId "34623833"]
[EventCountry "GER"]
[EventRounds "9"]
[EventType "swiss"]
[EventDate "2025.06.07"]

1. e4 {[%clk 01:30:55]} {[%emt 00:00:04]} e6 {[%clk 01:30:57]} {[%emt
00:00:04]} 2. d4 {[%clk 01:31:14]} {[%emt 00:00:11]} d5 {[%clk 01:31:14]}
{[%emt 00:00:13]} 3. Nd2 {[%clk 01:31:30]} {[%emt 00:00:14]} c5 {[%clk
01:30:32]} {[%emt 00:01:12]} 4. exd5 {[%clk 01:31:28]} {[%emt 00:00:33]} Qxd5
{[%clk 01:30:20]} {[%emt 00:00:41]} 5. Ngf3 {[%clk 01:31:35]} {[%emt 00:00:23]}
cxd4 {[%clk 01:30:23]} {[%emt 00:00:28]} 6. Bc4 {[%clk 01:31:43]} {[%emt
00:00:21]} Qd6 {[%clk 01:30:23]} {[%emt 00:00:30]} 7. O-O {[%clk 01:31:14]}
{[%emt 00:00:59]} Nc6 {[%clk 01:30:22]} {[%emt 00:00:32]} 8. Nb3 {[%clk
01:29:46]} {[%emt 00:01:57]} Nf6 {[%clk 01:29:12]} {[%emt 00:01:40]} 9. Nbxd4
{[%clk 01:26:29]} {[%emt 00:03:47]} Nxd4 {[%clk 01:27:58]} {[%emt 00:01:44]}
10. Nxd4 {[%clk 01:25:58]} {[%emt 00:01:00]} a6 {[%clk 01:27:37]} {[%emt
00:00:51]} 11. Re1 {[%clk 01:21:44]} {[%emt 00:04:44]} Qc7 {[%clk 01:24:36]}
{[%emt 00:03:31]} 12. Bb3 {[%clk 01:19:29]} {[%emt 00:02:45]} Bd6 {[%clk
01:18:11]} {[%emt 00:06:56]} 13. h3 {[%clk 01:17:23]} {[%emt 00:02:35]} O-O
{[%clk 01:17:24]} {[%emt 00:01:18]} 14. Bg5 {[%clk 01:14:47]} {[%emt 00:03:04]}
Be7 {[%clk 01:16:41]} {[%emt 00:01:14]} 15. Qe2 {[%clk 01:11:54]} {[%emt
00:03:22]} h6 {[%clk 01:15:38]} {[%emt 00:01:34]} 16. Bh4 {[%clk 01:10:40]}
{[%emt 00:01:42]} Qf4 {[%clk 01:13:48]} {[%emt 00:02:22]} 17. Nf3 {[%clk
01:10:11]} {[%emt 00:00:57]} Bc5 {[%clk 01:12:10]} {[%emt 00:02:09]} 18. Qd2
{[%clk 00:59:47]} {[%emt 00:10:54]} Qxd2 {[%clk 01:08:32]} {[%emt 00:04:09]}
19. Nxd2 {[%clk 00:57:51]} {[%emt 00:02:25]} Be7 {[%clk 01:04:09]} {[%emt
00:04:53]} 20. Ne4 {[%clk 00:52:44]} {[%emt 00:05:36]} Nd5 {[%clk 00:50:47]}
{[%emt 00:13:55]} 21. Bxe7 {[%clk 00:49:00]} {[%emt 00:04:13]} Nxe7 {[%clk
00:50:43]} {[%emt 00:00:34]} 22. Rad1 {[%clk 00:47:58]} {[%emt 00:01:32]} Nc6
{[%clk 00:44:50]} {[%emt 00:06:23]} 23. Rd2 {[%clk 00:42:10]} {[%emt 00:06:17]}
Rd8 {[%clk 00:38:48]} {[%emt 00:06:34]} 24. Rxd8+ {[%clk 00:37:22]} {[%emt
00:05:17]} Nxd8 {[%clk 00:37:19]} {[%emt 00:01:59]} 25. Rd1 {[%clk 00:37:27]}
{[%emt 00:00:24]} Nc6 {[%clk 00:37:25]} {[%emt 00:00:25]} 26. Ba4 {[%clk
00:34:53]} {[%emt 00:03:05]} b5 {[%clk 00:34:49]} {[%emt 00:03:05]} 27. Rd6
{[%clk 00:30:32]} {[%emt 00:04:49]} Ne5 {[%clk 00:24:31]} {[%emt 00:10:50]} 28.
Rd8+ {[%clk 00:28:50]} {[%emt 00:02:12]} Kh7 {[%clk 00:24:28]} {[%emt
00:00:33]} 29. Nd6 {[%clk 00:19:31]} {[%emt 00:09:48]} bxa4 {[%clk 00:19:45]}
{[%emt 00:05:15]} 30. Rxc8 {[%clk 00:19:41]} {[%emt 00:00:20]} Ra7 {[%clk
00:15:20]} {[%emt 00:04:55]} 31. Rc5 {[%clk 00:16:09]} {[%emt 00:03:57]} Rd7
{[%clk 00:13:11]} {[%emt 00:02:44]} 32. Rxe5 {[%clk 00:15:34]} {[%emt
00:01:05]} Rxd6 {[%clk 00:13:33]} {[%emt 00:00:09]} 33. Ra5 {[%clk 00:15:22]}
{[%emt 00:00:42]} Rb6 {[%clk 00:13:13]} {[%emt 00:00:49]} 34. Rxa4 {[%clk
00:12:48]} {[%emt 00:03:04]} Rxb2 {[%clk 00:13:28]} {[%emt 00:00:15]} 35. c4
{[%clk 00:13:00]} {[%emt 00:00:16]} Rb6 {[%clk 00:13:40]} {[%emt 00:00:20]} 36.
Kf1 {[%clk 00:11:36]} {[%emt 00:01:54]} Kg6 {[%clk 00:13:32]} {[%emt 00:00:38]}
37. Ke2 {[%clk 00:11:51]} {[%emt 00:00:13]} Kf6 {[%clk 00:13:36]} {[%emt
00:00:27]} 38. Ke3 {[%clk 00:11:47]} {[%emt 00:00:34]} Ke7 {[%clk 00:13:21]}
{[%emt 00:00:45]} 39. Kd4 {[%clk 00:11:09]} {[%emt 00:01:09]} Rc6 {[%clk
00:13:21]} {[%emt 00:00:29]} 40. Rb4 {[%clk 00:10:35]} {[%emt 00:01:03]} Kd6
{[%clk 00:11:52]} {[%emt 00:01:59]} 41. Rb7 {[%clk 00:09:05]} {[%emt 00:01:58]}
e5+ {[%clk 00:11:36]} {[%emt 00:00:48]} 42. Kc3 {[%clk 00:09:10]} {[%emt
00:00:25]} Ke6 {[%clk 00:11:26]} {[%emt 00:00:40]} 43. Kb4 {[%clk 00:09:10]}
{[%emt 00:00:29]} e4 {[%clk 00:09:02]} {[%emt 00:02:56]} 44. c5 {[%clk
00:07:20]} {[%emt 00:02:19]} g5 {[%clk 00:07:24]} {[%emt 00:02:08]} 45. g4
{[%clk 00:05:39]} {[%emt 00:02:10]} Kd5 {[%clk 00:05:58]} {[%emt 00:01:57]} 46.
Rxf7 {[%clk 00:05:30]} {[%emt 00:00:40]} a5+ {[%clk 00:06:14]} {[%emt
00:00:14]} 47. Kxa5 {[%clk 00:03:15]} {[%emt 00:02:44]} Rxc5+ {[%clk 00:06:32]}
{[%emt 00:00:13]} 48. Kb4 {[%clk 00:03:34]} {[%emt 00:00:09]} Rc1 {[%clk
00:05:34]} {[%emt 00:01:29]} 49. a4 {[%clk 00:00:56]} {[%emt 00:03:10]} Rb1+
{[%clk 00:04:20]} {[%emt 00:01:42]} 50. Kc3 {[%clk 00:28:51]} {[%emt 00:02:33]}
Ra1 {[%clk 00:32:58]} {[%emt 00:01:53]} 51. a5 {[%clk 00:28:10]} {[%emt
00:01:12]} Ra3+ {[%clk 00:27:59]} {[%emt 00:05:28]} 52. Kb4 {[%clk 00:25:05]}
{[%emt 00:03:36]} Ra2 {[%clk 00:27:09]} {[%emt 00:01:21]} 53. Rf5+ {[%clk
00:24:22]} {[%emt 00:01:11]} Ke6 {[%clk 00:25:54]} {[%emt 00:01:46]} 54. Kc4
{[%clk 00:23:00]} {[%emt 00:01:51]} Ra1 {[%clk 00:24:23]} {[%emt 00:02:02]} 55.
Kb5 {[%clk 00:19:41]} {[%emt 00:03:48]} Ra2 {[%clk 00:23:24]} {[%emt 00:01:30]}
56. a6 {[%clk 00:19:04]} {[%emt 00:01:06]} Rb2+ {[%clk 00:23:09]} {[%emt
00:00:46]} 57. Kc6 {[%clk 00:17:02]} {[%emt 00:02:29]} Rc2+ {[%clk 00:22:16]}
{[%emt 00:01:26]} 58. Kb6 {[%clk 00:16:39]} {[%emt 00:00:52]} Rb2+ {[%clk
00:22:33]} {[%emt 00:00:14]} 59. Rb5 {[%clk 00:16:14]} {[%emt 00:00:56]} Ra2
{[%clk 00:22:02]} {[%emt 00:01:02]} 60. a7 {[%clk 00:15:42]} {[%emt 00:01:01]}
Kd6 {[%clk 00:22:13]} {[%emt 00:00:18]} 61. Ra5 {[%clk 00:15:16]} {[%emt
00:00:55]} Rb2+ {[%clk 00:22:25]} {[%emt 00:00:19]} 62. Ka6 {[%clk 00:15:14]}
{[%emt 00:00:32]} Kc7 {[%clk 00:21:50]} {[%emt 00:01:04]} 63. a8=Q {[%clk
00:13:49]} {[%emt 00:01:57]} Rb6+ {[%clk 00:22:05]} {[%emt 00:00:15]} 64. Ka7
{[%clk 00:14:12]} {[%emt 00:00:05]} Rc6 {[%clk 00:22:28]} {[%emt 00:00:08]} 65.
Qb8 {[%clk 00:14:08]} {[%emt 00:00:33]} Kd7 {[%clk 00:22:49]} {[%emt 00:00:10]}
66. Rd5 {[%clk 00:14:26]} {[%emt 00:00:11]} Ke6 {[%clk 00:23:07]} {[%emt
00:00:13]} 67. Qe5+ {[%clk 00:14:42]} {[%emt 00:00:13]} Kf7 {[%clk 00:23:24]}
{[%emt 00:00:15]} 68. Rd7 {[%clk 00:15:00]} {[%emt 00:00:12]} Kg8 {[%clk
00:23:37]} {[%emt 00:00:16]} 69. Qe8+ {[%clk 00:14:50]} {[%emt 00:00:08]} 1-0